Less Than A Billion Spotify Streams - Sudden Death - Statistics

General Stats
  • This quiz has been taken 11 times
  • The average score is 5 of 14
Answers on the Grid
Answers color-coded by a green-red scale on the quiz's grid according to % correct below.
bellyache - Billie Eilish
Wait a Minute! - WILLOW
Budapest - George Ezra
Do I Wanna Know? - Arctic Monkeys
Opalite - Taylor Swift
Summertime Sadness - Lana Del Rey
Bubblegum B**** - MARINA
Pink Venom - BLACKPINK
Gabriela - KATSEYE
Woman - Doja Cat
About Damn Time - Lizzo
Like Him - Tyler, The Creator ft. Lola Young
Life Goes On - BTS
TQG - Shakira ft. Karol G
Cheap Thrills - Sia ft. Sean Paul
Anxiety - Doechii
HOT TO GO! - Chappell Roan
Break My Heart - Dua Lipa
Breakin' Dishes - Rihanna
you broke me first - Tate McRae
Eenie Meenie - Justin Bieber ft. Sean Kingston
Left and Right - Charlie Puth ft. Jung Kook
Taste - Sabrina Carpenter
Break Free - Ariana Grande
telepatía - Kali Uchis
It Will Rain - Bruno Mars
Sparks - Coldplay
Stateside - PinkPantheress ft. Zara Larsson
Build a B**** - Bella Poarch
So Am I - Ava Max
 
Answer Stats
Answer % Correct
Opalite - Taylor Swift
57%
About Damn Time - Lizzo
43%
Bubblegum B**** - MARINA
43%
Gabriela - KATSEYE
43%
Pink Venom - BLACKPINK
43%
So Am I - Ava Max
43%
Breakin' Dishes - Rihanna
29%
Build a B**** - Bella Poarch
29%
Eenie Meenie - Justin Bieber ft. Sean Kingston
29%
HOT TO GO! - Chappell Roan
29%
Stateside - PinkPantheress ft. Zara Larsson
29%
Anxiety - Doechii
14%
Cheap Thrills - Sia ft. Sean Paul
14%
Like Him - Tyler, The Creator ft. Lola Young
14%
No matching quizzes found
Score Distribution
Percent of People with Each Score
Percentile by Number Answered
Your Score History
You have not taken this quiz